000 00315nam a2200133Ia 4500
100 _aKulkarni/ A.D./ Barapte/ R.A.
942 _cBK
654 _aEngg. materials
245 _aEngg. materials and Components
260 _bTechnova
_aChembur
_c1999
082 _a621.3
_bKUL/BAR
546 _aENGLISH
999 _c19906
_d19906